Yellowstone. Season 5, part 2 /

Yellowstone follows the Dutton family, owners of the largest cattle ranch in the U.S., as they battle constant threats from neighboring landowners, an Indian reservation, and a growing town. In the explosive conclusion of Season Five, the fight for the Dutton legacy intensifies, with Beth, Rip and J...

Full description

Bibliographic Details
Uniform Title:Yellowstone (Television program).
Main Authors: Sheridan, Taylor (Creator), Linson, John (Creator)
Other Authors: Costner, Kevin (Actor), Grimes, Luke, 1984- (Actor), Reilly, Kelly (Actor), Bentley, Wes, 1978- (Actor), Hauser, Cole, 1975- (Actor), Asbille, Kelsey, 1991- (Actor), Merrill, Brecken (Actor), White, Jefferson (Actor) (Actor), Bingham, Ryan (Actor), Little, Finn, 2006- (Actor), Bohen, Ian (Actor), Smith, Forrie J. (Actor), Richards, Denim (Actor), Moniz, Wendy (Actor), Landon, Jen, 1983- (Actor), Kelly, Kathryn (Actor) (Actor), Brings Plenty, Mo, 1969- (Actor), Birmingham, Gil (Actor)
Format: Video Blu-ray Disc
Language:English
Language Notes:English dialogue; English SDH.
Published: Hollywood, California : Paramount Home Entertainment, [2025]
Subjects:

MARC

Tag First Indicator Second Indicator Subfields
LEADER 00000cgm a2200000 i 4500
001 in00005642000
007 vd csaizq
008 250331p20252024cau360 e vleng d
005 20250528171326.6
024 1 |a 191329273784 
028 4 2 |a 1000843528  |b Paramount 
028 4 2 |a 3000100322  |b Paramount  |q (container) 
033 2 1 |a 2024----  |a 2025---- 
035 |a (OCoLC)on1512572985 
035 |a (OCoLC)1512572985 
037 |b Midwest Tape  |n http://www.midwesttapes.com 
040 |a TEFMT  |b eng  |e rda  |c TEFMT  |d TEF  |d OCLCO  |d INO  |d OCLCO 
041 0 |a eng  |p eng  |h eng 
043 |a n-usp--  |a n-us-mt 
082 0 4 |a 791.45/75  |2 23/eng/20250403 
090 |a PN1992.77.Y45  |b Y4552 2025 
130 0 |a Yellowstone (Television program).  |n Season 5.  |k Selections. 
245 1 0 |a Yellowstone.  |n Season 5, part 2 /  |c Paramount Network presents ; in association with 101 Studios ; created by Taylor Sheridan & John Linson ; Linson Entertainment ; Bosque Ranch Productions ; Treehouse Films ; 101 Studios ; MTV Entertainment Studios. 
246 3 |a Yellowstone.  |n Season 5, part two 
246 3 |a Yellowstone.  |n Season five 
246 3 |a Yellowstone.  |n Fifth season 
257 |a United States  |2 naf 
264 1 |a Hollywood, California :  |b Paramount Home Entertainment,  |c [2025] 
300 |a 3 videodiscs (360 min.) :  |b sound, color ;  |c 4 3/4 in. 
336 |a two-dimensional moving image  |b tdi  |2 rdacontent 
337 |a video  |b v  |2 rdamedia 
338 |a videodisc  |b vd  |2 rdacarrier 
340 |b 4 3/4 in. 
340 |g polychrome  |2 rdacc 
341 0 |a auditory  |b closedCaptions  |2 sapdv 
344 |a digital  |2 rdatr 
344 |b optical  |2 rdarm 
344 |g surround  |2 rdacpc 
344 |h Dolby TrueHD 5.1 
345 |d wide screen  |2 rdaar 
347 |a video file  |2 rdaft 
347 |b Blu-ray 
380 |a Television programs  |2 lcgft 
538 |a Blu-ray, wide screen; 5.1 Dolby TreuHD; requires Blu-ray player. 
546 |a English dialogue; English SDH. 
532 1 |a English subtitles for the deaf and hard of hearing (SDH) 
500 |a Title from container. 
511 1 |a Kevin Costner, Luke Grimes, Kelly Reilly, Wes Bentley, Cole Hauser, Kelsey Asbille, Brecken Merrill, Jefferson White, Ryan Bingham, Finn Little, Ian Bohen, Forrie J. Smith, Denim Richards, Wendy Moniz, Jen Landon, Kathryn Kelly, Moses Brings Plenty, Gil Birmingham. 
500 |a Originally broadcast in 2024-2025 as the last 6 episodes of season 5. 
500 |a Wide screen. 
521 8 |a Rating: Not rated; Parental advisory: explicit content. Contains adult language and situations. 
520 |a Yellowstone follows the Dutton family, owners of the largest cattle ranch in the U.S., as they battle constant threats from neighboring landowners, an Indian reservation, and a growing town. In the explosive conclusion of Season Five, the fight for the Dutton legacy intensifies, with Beth, Rip and Jamie caught in a dangerous power struggle. As betrayals and shifting alliances threaten to tear them apart, the family faces devastating decisions that could determine the future of their empire. This release includes the last six episodes of Season Five, plus over an hour of never-before-seen bonus content and exclusive interviews. Re-live moments from Yellowstone past and present, enjoy stunning imagery of the show from Unit Photographer Emerson Miller, and take a tour of Chief Joseph Ranch, the real-life setting for the iconic Dutton family home. 
500 |a Special features: Redemption: A season of change; Moments in time with photographer Emerson Miller; The heartbeat of Yellowstone: Chief Joseph Ranch; Stories from the bunkhouse. 
650 0 |a Ranches  |z West (U.S.)  |v Drama. 
650 0 |a Ranchers  |z West (U.S.)  |v Drama. 
650 0 |a Families  |z West (U.S.)  |v Drama. 
651 0 |a Yellowstone County (Mont.)  |v Drama. 
651 0 |a Montana  |v Drama. 
655 7 |a Western television programs.  |2 lcgft 
655 7 |a Fiction television programs.  |2 lcgft 
655 7 |a Television series.  |2 lcgft 
655 7 |a Television programs.  |2 lcgft 
655 7 |a Video recordings for the hearing impaired.  |2 lcgft 
700 1 |a Sheridan, Taylor,  |e creator.  |1 https://id.oclc.org/worldcat/entity/E39PBJjT4wptft6kdrBKKj74MP 
700 1 |a Linson, John,  |e creator.  |1 https://id.oclc.org/worldcat/entity/E39PCjrmjftBXtWbc4cBK8V7QC 
700 1 |a Costner, Kevin,  |e actor.  |1 https://id.oclc.org/worldcat/entity/E39PBJfmjwkkvwQMPbQMK6Xw4q 
700 1 |a Grimes, Luke,  |d 1984-  |e actor.  |1 https://id.oclc.org/worldcat/entity/E39PBJgmGMhgBDrrvvhtv48grq 
700 1 |a Reilly, Kelly,  |e actor.  |1 https://id.oclc.org/worldcat/entity/E39PBJfMhygWGQ4gFCdJGWb68C 
700 1 |a Bentley, Wes,  |d 1978-  |e actor.  |1 https://id.oclc.org/worldcat/entity/E39PBJkhMJMd6pG4mTH6Y8JFKd 
700 1 |a Hauser, Cole,  |d 1975-  |e actor.  |1 https://id.oclc.org/worldcat/entity/E39PBJxRwWWYWtVVdjBPvh9FKd 
700 1 |a Asbille, Kelsey,  |d 1991-  |e actor.  |1 https://id.oclc.org/worldcat/entity/E39PBJkTb4GFJKDX6ThB4dHpyd 
700 1 |a Merrill, Brecken,  |e actor.  |1 https://id.oclc.org/worldcat/entity/E39PCjKJkCJMwgXg9bR7bBmPgq 
700 1 |a White, Jefferson  |c (Actor),  |e actor.  |1 https://id.oclc.org/worldcat/entity/E39PCjGtkY6J3wHRxWGfWv3Vcq 
700 1 |a Bingham, Ryan,  |e actor.  |1 https://id.oclc.org/worldcat/entity/E39PBJdcCQ9dQRwdPDfJdvJdQq 
700 1 |a Little, Finn,  |d 2006-  |e actor.  |1 https://id.oclc.org/worldcat/entity/E39PCjwktcGfqjwGhCTdrchVwd 
700 1 |a Bohen, Ian,  |e actor.  |1 https://id.oclc.org/worldcat/entity/E39PBJhXc3c4PqPdmDjGwcGWDq 
700 1 |a Smith, Forrie J.,  |e actor.  |1 https://id.oclc.org/worldcat/entity/E39PCjHMR4qhk3DtWPTQCbwBRq 
700 1 |a Richards, Denim,  |e actor.  |1 https://id.oclc.org/worldcat/entity/E39PCjB49BgRTW9jCwcVw7JQ7b 
700 1 |a Moniz, Wendy,  |e actor.  |1 https://id.oclc.org/worldcat/entity/E39PBJrmbc3bJF7r3T6Hb8Pfbd 
700 1 |a Landon, Jen,  |d 1983-  |e actor.  |1 https://id.oclc.org/worldcat/entity/E39PCjHW4wCrqfXJDG9CG4CJDq 
700 1 |a Kelly, Kathryn  |c (Actor),  |e actor. 
700 1 |a Brings Plenty, Mo,  |d 1969-  |e actor.  |1 https://id.oclc.org/worldcat/entity/E39PBJgmGQktWmpGGmPGrYdYT3 
700 1 |a Birmingham, Gil,  |e actor.  |1 https://id.oclc.org/worldcat/entity/E39PBJqbgpGRmdQWyv7xjyK68C 
710 2 |a CBS Paramount Network Television (Firm),  |e presenter,  |e broadcaster. 
710 2 |a 101 Studios,  |e production company. 
710 2 |a Linson Entertainment (Firm),  |e production company. 
710 2 |a Bosque Ranch Productions,  |e production company. 
710 2 |a Treehouse Films (Firm),  |e production company. 
710 2 |a MTV Entertainment Studios,  |e production company. 
710 2 |a Paramount Home Entertainment (Firm),  |e publisher. 
948 |h NO HOLDINGS IN TXA - 7 OTHER HOLDINGS 
994 |a Z0  |b TXA 
999 f f |s 02c70ecb-546e-46d2-ba28-de8454f3116c  |i 074f78c1-6f68-4cab-a432-2ad7ab1e483e  |t 0 
952 f f |p bluray  |a Texas A&M University  |b College Station  |c Sterling C. Evans Library  |d Evans: Media and Reserves (Annex 1st floor)  |t 0  |e PN1992.77.Y45 Y4552 2025  |h Library of Congress classification  |i video -- videodisc  |m A14852722298 
998 f f |a PN1992.77.Y45 Y4552 2025  |t 0  |l Evans: Media and Reserves (Annex 1st floor)